Economic aspects of extended producer responsibility

Salvato in:
Dettagli Bibliografici
Natura: Libro
Lingua:inglese
Pubblicazione: Paris OECD 2004
Soggetti:
Tags: Aggiungi Tag
Nessun Tag, puoi essere il primo ad aggiungerne!!

MARC

LEADER 00000nam$a2200000$$$4500
001 0020338
005 20240104134526.5
020 |a 92-64-10526-3 
041 0 |a eng 
044 |a FR 
245 1 0 |a Economic aspects of extended producer responsibility 
264 1 |a Paris  |b OECD  |c 2004 
300 |a 296 s. 
610 2 0 |a zodpovednosť 
610 2 0 |a výrobcovia 
610 2 0 |a politika výrobná 
610 2 0 |a inovácia 
610 2 0 |a ekonómia politická 
610 2 0 |a porovnanie medzinárodné 
610 2 0 |a svet 
610 2 0 |a OECD